000 00513nam a2200157 i 4500
001 95910
003 ES-MaACL
005 20230906181812.0
007 t|
008 050608s1978 xxu ||||1| eng d
100 1 _aMacCurdy, Raymond R.
_975096
245 1 4 _aThe tragic fall
_b: Don Alvaro de Luna and other favorites in Spanish golden age drama /
_cby Raymond R. MacCurdy.
260 _aChapel Hill :
_bUniversity of North Carolina,
_c1978.
300 _a255 p. ;
_c24 cm.
852 _aES-MaACL
_jA-9026
_bR.98038
999 _c95910
_d95910